Lý thuyết điều khiển mờ /

Sách đề cập đến các phương pháp toán học để tổng hợp và phân tích một hệ thống điều khiển mờ, đó là lý thuyết tập mờ (Fuzzy Set) và logic mờ (Fuzzy logic), cung cấp cho bạn đọc những kiến thức cơ bản nhất để có khả năng tự tổng hợp bộ điều khiển mờ đi từ đơn giản đến phức tạp....

Descripció completa

Guardat en:
Dades bibliogràfiques
Autor principal: Phan Xuân Minh.
Altres autors: Nguyễn Doãn Phước.
Format: Llibre
Idioma:Vietnamese
Publicat: Hà Nội : Nxb Hà Nội, 1999.
Matèries:
Etiquetes: Afegir etiqueta
Sense etiquetes, Sigues el primer a etiquetar aquest registre!
Thư viện lưu trữ: Mạng thư viện Đại học Đà Nẵng
LEADER 01348cam a2200373 i 4500
001 000049791
003 9854
005 20051111144710.0
008 010417b1999 vm 000 vie
020 |c 23500 
022 |a T 
040 |a IRC  |c IRC  |d IRC 
041 0 |a vie 
082 1 4 |a 511.322  |b PH-M 
100 1 |a Phan Xuân Minh. 
245 1 0 |a Lý thuyết điều khiển mờ /  |c Phan Xuân Minh, Nguyễn Doãn Phước. 
260 |a Hà Nội :  |b Nxb Hà Nội,  |c 1999. 
300 |a 200 tr. ;  |c 24 cm. 
520 3 |a Sách đề cập đến các phương pháp toán học để tổng hợp và phân tích một hệ thống điều khiển mờ, đó là lý thuyết tập mờ (Fuzzy Set) và logic mờ (Fuzzy logic), cung cấp cho bạn đọc những kiến thức cơ bản nhất để có khả năng tự tổng hợp bộ điều khiển mờ đi từ đơn giản đến phức tạp. 
630 0 4 |a Điều khiển mờ. 
630 0 4 |a Hệ điều khiển. 
630 0 4 |a Phương pháp toán học. 
650 0 4 |a Điều khiển mờ. 
700 1 |a Nguyễn Doãn Phước. 
OWN |a DUT 
999 |a From the UDN01 
TYP |a Monograph 
TYP |a Printed language 
980 |a Mạng thư viện Đại học Đà Nẵng